[Event "ch-ISR 2013"]
[Site "Acre ISR"]
[Date "2013.04.11"]
[Round "6.1"]
[White "Postny,E"]
[Black "Smirin,I"]
[Result "1/2-1/2"]
[WhiteElo "2635"]
[BlackElo "2663"]

1.d4 d6 2.Nf3 Nf6 3.c4 g6 4.Nc3 Bg7 5.e4 O-O 6.Be2 e5 7.Be3 Ng4 8.Bg5 f6
9.Bh4 g5 10.Bg3 Nh6 11.h3 exd4 12.Nxd4 Nc6 13.h4 Nxd4 14.Qxd4 f5 15.Qd5+ Kh8
16.hxg5 Qxg5 17.Rh5 Qg6 18.Qd2 fxe4 19.Nd5 Nf5 20.O-O-O c6 21.Nf4 Qf6 22.Rdh1 h6
23.Bh4 Qf7 24.Bg5 Kg8 25.g4 hxg5 26.Rxg5 e3 27.Qc3 Qe7 28.Rhh5 exf2 29.gxf5 Rxf5
30.Rh8+ Kxh8 31.Ng6+ Kh7 32.Qh3+ Bh6 33.Nxe7 Rxg5 34.Qd3+ Kg7 35.Kc2 Be6
36.Qxd6 Kf6 37.Qh2 Rh8 38.Nxc6 Bf5+ 39.Kb3 bxc6 40.Qxf2 Rb8+ 41.Ka4 Kg6 42.Bh5+ Rxh5
43.Qg3+ Kh7 44.Qxb8 Bg7 45.Qxa7 Rh2 46.Qc5 Bg6 47.Qxc6 Rxb2 48.Qh1+ Bh6 49.c5 Rxa2+
50.Kb5 Rb2+ 51.Ka5 Rb1 52.Qh3 Ra1+  1/2-1/2

[Event "ch-ISR 2013"]
[Site "Acre ISR"]
[Date "2013.04.12"]
[Round "7.2"]
[White "Smirin,I"]
[Black "Nabaty,T"]
[Result "1/2-1/2"]
[WhiteElo "2663"]
[BlackElo "2564"]

1.e4 e5 2.Nf3 Nf6 3.Nxe5 d6 4.Nf3 Nxe4 5.d4 d5 6.Bd3 Be7 7.O-O O-O 8.Re1 Nf6
9.Bg5 Bg4 10.Nbd2 Nc6 11.c3 Bh5 12.Qb3 Rb8 13.Ne5 Nxe5 14.Rxe5 Bg6 15.Bxf6 Bxf6
16.Rxd5 Qe7 17.Bxg6 hxg6 18.Nf3 c6 19.Ra5 a6 20.Rc5 Qc7 21.Rd1 Rfe8 22.Qc4 Re6
23.Qf1 Rd8 24.g3 Qe7 25.Rd2 Re4 26.Kg2 Re8 27.Qd3 Qd6 28.Re5 R4xe5 29.dxe5 Qxd3
30.Rxd3 Bxe5 31.Rd7 b5 32.Ra7 Bf6 33.Rxa6 Re2 34.b4 Kf8 35.Rxc6 Rxa2 36.Rc5 Rb2
37.Ne5 Rc2 38.Nd7+ Ke7 39.Nxf6 gxf6 40.h4 f5 41.Kf3 Ke6 42.Ke3 Ke7 43.f3 Ke6
44.Kf4 Rc1 45.Kg5 Rf1 46.Kf4 Rc1 47.g4 fxg4 48.fxg4 Rf1+ 49.Ke3 Rh1 50.Rxb5 Rh3+
51.Kd2 Rh2+ 52.Kd3 Rh3+ 53.Kc2 Rh2+ 54.Kb3 Rxh4 55.g5 f5 56.gxf6 Kxf6 57.Rb6+ Kf5
58.Rb8 g5 59.b5 g4 60.b6 Rh7 61.c4 Rg7 62.c5 g3 63.c6 g2 64.c7 g1=Q 65.c8=Q+ Kg5
66.Qd8+ Kg4 67.Qd3 Rg5 68.Rb7 Qg2 69.Qd7+ Rf5 70.Qg7+ Rg5 71.Qc3 Qg1 72.Qc4+ Kg3
73.Qd3+ Kg4 74.Rb8 Qf2 75.Qe4+ Kg3 76.Qd3+ Kg2 77.Qe4+ Kg3 78.Rb7 Qg1 79.Qd3+ Kg4
80.Qe4+ Kg3 81.Qd3+  1/2-1/2

[Event "ch-ISR 2013"]
[Site "Acre ISR"]
[Date "2013.04.13"]
[Round "8.3"]
[White "Smirin,I"]
[Black "Soffer,R"]
[Result "1/2-1/2"]
[WhiteElo "2663"]
[BlackElo "2516"]

1.e4 c5 2.Nf3 a6 3.Nc3 e6 4.d4 cxd4 5.Nxd4 b5 6.Bd3 Bb7 7.Qe2 Qb6 8.Nb3 Qc7
9.O-O Nf6 10.e5 b4 11.exf6 bxc3 12.fxg7 Bxg7 13.bxc3 Bxc3 14.Rb1 Rg8 15.Be4 Bxe4
16.Qxe4 Qc6 17.Nc5 f5 18.Qxc6 Nxc6 19.Rd1 Bb4 20.Nd3 Bd6 21.Be3 Ke7 22.c4 Rab8
23.Bb6 Rb7 24.Rb3 Rgb8 25.Rdb1 Kf7 26.f4 Be7 27.Kf1 d6 28.Be3  1/2-1/2

[Event "ch-ISR 2013"]
[Site "Acre ISR"]
[Date "2013.04.14"]
[Round "9.3"]
[White "Raznikov,D"]
[Black "Smirin,I"]
[Result "0-1"]
[WhiteElo "2488"]
[BlackElo "2663"]

1.d4 Nf6 2.c4 g6 3.Nc3 Bg7 4.e4 d6 5.h3 O-O 6.Be3 e5 7.d5 Na6 8.Bd3 Nd7 9.Nge2 f5
10.exf5 gxf5 11.f4 exf4 12.Bxf4 Ne5 13.O-O Nc5 14.Bxe5 dxe5 15.Bc2 a5 16.Qe1 Ra6
17.Qf2 Qe7 18.Rae1 Kh8 19.Ng3 Raf6 20.Nh5 Rg6 21.Kh1 Bh6 22.Re2 f4 23.Bxg6 hxg6
24.d6 cxd6 25.Nd5 Qg5 26.Nhf6 Rxf6 27.Nxf6 Qxf6 28.Rd1 Bd7 29.Qf3 Bc6 30.Qg4 f3
31.Qc8+ Kh7 32.Qc7+ Nd7  0-1

[Event "FIDE World Blitz 2013"]
[Site "Khanty-Mansiysk RUS"]
[Date "2013.06.09"]
[Round "1.27"]
[White "Nadanian,A"]
[Black "Smirin,I"]
[Result "0-1"]
[WhiteElo "2428"]
[BlackElo "2663"]

1.e4 c5 2.d3 Nc6 3.g3 e5 4.Bg2 g6 5.f4 exf4 6.Bxf4 Bg7 7.Nd2 d6 8.Nc4 Ne5
9.Ne3 Nf6 10.Nf3 Nh5 11.Bxe5 dxe5 12.O-O O-O 13.Nc4 Be6 14.Qe2 Qc7 15.a4 h6
16.b3 Rfe8 17.Nh4 Nf6 18.h3 Nd7 19.Rf2 Nb8 20.Raf1 Nc6 21.c3 Rad8 22.Qc2 Qd7
23.g4 Qxd3 24.Qc1 a6 25.Ne3 Bxb3 26.Nd5 Rf8 27.Rb2 Bxd5 28.exd5 Ne7 29.c4 e4
30.Rxb7 Nc8 31.Qf4 Nd6 32.Rb6 Qd4+ 33.Kh1 Nxc4 34.Rxa6 Ne3 35.Re1 Nxg2 36.Nxg2 Qxd5
37.Ne3 Qd2 38.Rf1 Rd3 39.Ng2 Rxh3+ 40.Kg1 Bd4+  0-1

[Event "FIDE World Blitz 2013"]
[Site "Khanty-Mansiysk RUS"]
[Date "2013.06.09"]
[Round "3.3"]
[White "Smirin,I"]
[Black "Movsesian,S"]
[Result "1/2-1/2"]
[WhiteElo "2663"]
[BlackElo "2699"]

1.e4 c5 2.Nf3 e6 3.d3 d5 4.Qe2 Ne7 5.g3 Nbc6 6.Bg2 g6 7.O-O Bg7 8.e5 h6 9.h4 b6
10.Re1 Bb7 11.Nbd2 Qc7 12.Nf1 O-O-O 13.N1h2 Nf5 14.c3 h5 15.Bf4 Kb8 16.a3 d4
17.c4 a5 18.Ng5 a4 19.Nhf3 Na5 20.Ne4 Nb3 21.Rad1 Bf8 22.Qc2 Bc6 23.Nfd2 Na5
24.Rb1 Ka7 25.Ng5 Bxg2 26.Kxg2 Qc6+ 27.Ndf3 Rd7 28.Ne4 Be7 29.Kg1 Ra8 30.Nfd2 Kb7
31.Qd1  1/2-1/2

[Event "FIDE World Blitz 2013"]
[Site "Khanty-Mansiysk RUS"]
[Date "2013.06.09"]
[Round "4.3"]
[White "Movsesian,S"]
[Black "Smirin,I"]
[Result "0-1"]
[WhiteElo "2699"]
[BlackElo "2663"]

1.c4 g6 2.Nc3 Bg7 3.g3 e5 4.Bg2 Nc6 5.d3 f5 6.Rb1 a5 7.a3 Nf6 8.b4 axb4 9.axb4 h6
10.Nf3 d6 11.b5 Ne7 12.Qb3 Be6 13.Nd2 Rb8 14.Ba3 O-O 15.O-O f4 16.Nd5 Nf5
17.Bb2 c6 18.Nxf6+ Qxf6 19.Ne4 Qe7 20.Qb4 c5 21.Qd2 Nd4 22.Bxd4 cxd4 23.b6 h5
24.Ra1 h4 25.Qb4 Rbd8 26.Ra7 Rd7 27.Rfa1 hxg3 28.hxg3 fxg3 29.Nxg3 Bh6 30.Ra8 Rxa8
31.Rxa8+ Kh7 32.Qa3 Bf4 33.Ne4 Qh4 34.Kf1 Qh2 35.e3 dxe3 36.Nf6+ Kg7 37.Nxd7 e2+
38.Kxe2 Qxg2 39.Nf6 e4 40.Rb8 Qf3+ 41.Ke1 exd3 42.Ne8+ Kh6 43.Qb2 Qh1+  0-1

[Event "FIDE World Blitz 2013"]
[Site "Khanty-Mansiysk RUS"]
[Date "2013.06.09"]
[Round "5.3"]
[White "Nguyen Ngoc Truong Son"]
[Black "Smirin,I"]
[Result "1/2-1/2"]
[WhiteElo "2625"]
[BlackElo "2663"]

1.d4 Nf6 2.c4 g6 3.g3 c6 4.Bg2 d5 5.cxd5 cxd5 6.Nf3 Bg7 7.O-O O-O 8.Nc3 Ne4
9.Ne5 Nxc3 10.bxc3 Nd7 11.Nxd7 Qxd7 12.Qb3 e6 13.e4 Rd8 14.exd5 exd5 15.Bg5 f6
16.Be3 b6 17.c4 Bb7 18.c5 bxc5 19.dxc5 Bc6 20.Bf4 Bf8 21.Rfd1 Kg7 22.Qc3 Rac8
23.Qd4 a5 24.h4 Ba4 25.Rdc1 Bb5 26.h5 gxh5 27.Bh6+ Kf7 28.Bxf8 Rxf8 29.Qxd5+ Qxd5
30.Bxd5+ Kg6 31.c6 Ba6 32.Rc5 a4 33.Ra5 Bd3 34.Rxa4 Bb5 35.Ra5 Bxc6 36.Be6 Ra8
37.Bf5+ Kg7 38.Rc5 Be8 39.Be4 Ra3 40.Bd5 Bf7 41.Rc7 Kg6 42.Be4+ f5 43.Rc6+ Kg7
44.Bxf5 Rxa2 45.Re1 Ra5 46.Bd3 Ra3 47.Bf1 Rf3 48.Bg2 Rf6 49.Rc5 Bg6 50.Re2 Kh6
51.Rd2 Kg7 52.Rc4 Kh6 53.Rh4 Kg7 54.f4 Ra6 55.Bf3 Ra3 56.Kg2 Ra5 57.Rd7+ Rf7
58.Rd2 Rf8 59.Rf2 Rf7 60.Rh1 Rf8 61.Kh3 Ra3 62.Re1 Re8 63.Rxe8 Bxe8 64.Kh4 Kh6
65.Re2 Bg6 66.Be4 Ra4 67.Bxg6 hxg6 68.Re6 Ra1 69.Kh3 Ra5 70.Rc6 Rb5  1/2-1/2

[Event "FIDE World Blitz 2013"]
[Site "Khanty-Mansiysk RUS"]
[Date "2013.06.09"]
[Round "6.3"]
[White "Smirin,I"]
[Black "Nguyen Ngoc Truong Son"]
[Result "1/2-1/2"]
[WhiteElo "2663"]
[BlackElo "2625"]

1.e4 e6 2.d4 d5 3.Nd2 dxe4 4.Nxe4 Bd7 5.Nf3 Bc6 6.Bd3 Nd7 7.O-O Ngf6 8.Ned2 Be7
9.Re1 O-O 10.c3 b6 11.Nc4 Bb7 12.Bg5 h6 13.Bh4 c5 14.Qe2 Nh5 15.Bxe7 Qxe7
16.Qe3 Nhf6 17.Nce5 Rfd8 18.Rad1 cxd4 19.Nxd4 Nxe5 20.Qxe5 Rd5 21.Qe2 Rad8
22.Bc2 Qc7 23.Bb3 Rg5 24.Nf3 Rxd1 25.Rxd1 Rh5 26.h3 Bd5 27.Bxd5 Rxd5 28.Rxd5 Nxd5
29.g3 Ne7 30.Kg2 Qb7 31.Kg1 Qd5 32.c4 Qd6 33.a3 a5 34.Qd2 Nf5 35.Qc3 Qd1+
36.Kg2 Qe2 37.b4 axb4 38.axb4 Nd6 39.c5 bxc5 40.Qxc5 Ne4 41.Qd4 f5 42.h4 Kh7
43.h5 Nf6 44.Qe5 Ne4 45.Qd4 Nf6 46.Qe5 Ne4 47.Qd4 Nf6 48.Qe5 Ne4  1/2-1/2

[Event "FIDE World Blitz 2013"]
[Site "Khanty-Mansiysk RUS"]
[Date "2013.06.09"]
[Round "7.4"]
[White "Smirin,I"]
[Black "Ponomariov,R"]
[Result "0-1"]
[WhiteElo "2663"]
[BlackElo "2743"]

1.e4 e5 2.Nf3 Nc6 3.Bb5 a6 4.Ba4 Nf6 5.O-O Be7 6.Re1 b5 7.Bb3 O-O 8.d3 d6
9.c3 Na5 10.Bc2 c5 11.Nbd2 Nc6 12.Nf1 Be6 13.h3 h6 14.Ng3 Re8 15.d4 cxd4
16.cxd4 exd4 17.Nxd4 Nxd4 18.Qxd4 Rc8 19.Bb3 d5 20.e5 Bc5 21.Qd3 Qb6 22.Be3 d4
23.Bxh6 Nd5 24.Bd2 Nb4 25.Bxb4 Bxb4 26.Re4 Bc4 27.Qf3 d3 28.Nf5 Bf8 29.Ne3 Bxb3
30.axb3 Qe6 31.Rd1 Qxb3 32.Ng4 Re6 33.Rxd3 Qxb2 34.Rd7 Be7 35.Rxe7 Rxe7 36.Nf6+ Kf8
37.Qh5 Qc1+ 38.Kh2 Qh6 39.Qf5 Rd8 40.Rd4 Ree8 41.Nxe8 Rxd4 42.Qc8 Qf4+  0-1

[Event "FIDE World Blitz 2013"]
[Site "Khanty-Mansiysk RUS"]
[Date "2013.06.09"]
[Round "8.4"]
[White "Ponomariov,R"]
[Black "Smirin,I"]
[Result "1/2-1/2"]
[WhiteElo "2743"]
[BlackElo "2663"]

1.c4 g6 2.e4 Bg7 3.d4 d6 4.Ne2 Nf6 5.Nec3 O-O 6.Be2 e5 7.d5 Nbd7 8.Bg5 h6
9.Be3 Nc5 10.Nd2 a5 11.a3 a4 12.Bxc5 dxc5 13.Nxa4 b6 14.Nc3 h5 15.O-O Bh6
16.Qc2 Qe7 17.Nf3 Ne8 18.Nb5 Bd7 19.b4 cxb4 20.axb4 Rxa1 21.Rxa1 Qxb4 22.Qc3 Qxc3
23.Nxc3 f6 24.Ra7 Rf7 25.Kf1 Bf8 26.Bd1 Kg7 27.Ba4 Bxa4 28.Rxa4 Nd6 29.Ke2 Nb7
30.Ne1 Nc5 31.Ra7 f5 32.f3 fxe4 33.Nxe4 Nxe4 34.fxe4 Bd6 35.Nd3 Kf6 36.Ra8 Kg7
37.Re8 Rf8 38.Rxf8 Kxf8 39.Kd2 Ke7 40.Kc3 Kd7 41.Kb3 c6 42.Ne1 Kc7 43.Nf3 Kd7
44.Nh4 g5 45.Nf5 Bf8 46.Ng3 h4 47.Nf5 Kc7 48.Kc2 Kd7 49.Kd3 Kc7 50.h3 Kd7
51.Kc3 Kc7 52.Kb3 Kd7 53.Ne3 Kc7 54.Nc2 Kd7 55.Nb4 Bxb4 56.Kxb4 Kd6 57.Kb3 Kc5
58.Kc3 Kd6 59.Kb4 Kc7 60.Kc3 Kd6 61.Kd3 Kc5 62.Ke3 Kd6 63.Ke2 Kc5 64.Kd3 Kd6
65.Kc3  1/2-1/2

[Event "FIDE World Blitz 2013"]
[Site "Khanty-Mansiysk RUS"]
[Date "2013.06.09"]
[Round "9.6"]
[White "Georgiev,Ki"]
[Black "Smirin,I"]
[Result "1/2-1/2"]
[WhiteElo "2636"]
[BlackElo "2663"]

1.d4 Nf6 2.Nf3 g6 3.g3 Bg7 4.Bg2 O-O 5.O-O d6 6.c4 Nc6 7.Nc3 Bf5 8.Ne1 Na5
9.e4 Bg4 10.f3 Bd7 11.b3 c5 12.Nc2 Nc6 13.Be3 Qa5 14.Qd2 a6 15.a3 cxd4 16.Nxd4 Nxd4
17.Bxd4 b5 18.b4 Qc7 19.c5 e5 20.Be3 dxc5 21.Bxc5 Rfd8 22.Qe3 Rdc8 23.Rac1 Be6
24.Qf2 Bh6 25.Be3 Bxe3 26.Qxe3 Qe7 27.Rfd1 Kg7 28.Bf1 h6 29.Be2 a5 30.Nxb5 axb4
31.axb4 Rxc1 32.Rxc1 Qxb4 33.Qc3 Qxc3 34.Nxc3 Rc8 35.Kf2 Kf8  1/2-1/2

[Event "FIDE World Blitz 2013"]
[Site "Khanty-Mansiysk RUS"]
[Date "2013.06.09"]
[Round "10.6"]
[White "Smirin,I"]
[Black "Georgiev,Ki"]
[Result "1-0"]
[WhiteElo "2663"]
[BlackElo "2636"]

1.e4 c5 2.Nf3 d6 3.d4 cxd4 4.Nxd4 Nf6 5.Nc3 g6 6.Be3 Bg7 7.Be2 O-O 8.Qd2 Nc6
9.O-O-O Nxd4 10.Bxd4 Be6 11.h4 h5 12.f3 Qa5 13.Qg5 Qxg5+ 14.hxg5 Nh7 15.f4 Bxd4
16.Rxd4 f6 17.f5 gxf5 18.exf5 Bxf5 19.Nd5 fxg5 20.Nxe7+ Kg7 21.Rxd6 h4 22.Nxf5+ Rxf5
23.Bd3 Rf7 24.g3 Nf6 25.gxh4 g4 26.h5 Kh6 27.Rf1 Raf8 28.Bc4 Kg5 29.Bxf7 Rxf7
30.h6 g3 31.h7 g2 32.Rg1 Nxh7 33.Rxg2+ Kh5 34.Rd1 Ng5 35.Rdg1 Rf5 36.c4 Kg6
37.Kc2 Kf6 38.b4 Ne6 39.Rd1 Rf4 40.Kc3 b6 41.Rdd2 Ng5 42.Kd3 Rf3+ 43.Kc2 Ne4
44.Rd3 Rf4 45.Rd4 Ke5 46.Rd7 Nd6 47.Re2+ Ne4 48.Re7+ Kd4 49.Rxa7 Kxc4 50.a3 Nd6
51.Rc7+ Kb5 52.Re5+ Ka6 53.Kb3 Nb5 54.Rce7 Nd4+ 55.Kb2 Rf2+ 56.Kc3 Nb5+ 57.Kb3 Nd4+
58.Kc4 Nc6 59.b5+  1-0

[Event "FIDE World Blitz 2013"]
[Site "Khanty-Mansiysk RUS"]
[Date "2013.06.09"]
[Round "11.6"]
[White "Smirin,I"]
[Black "Potkin,V"]
[Result "1-0"]
[WhiteElo "2663"]
[BlackElo "2647"]

1.e4 c5 2.Nf3 e6 3.d3 Nc6 4.g3 d5 5.Qe2 Nf6 6.Bg2 Be7 7.O-O b5 8.e5 Nd7 9.c4 bxc4
10.dxc4 Nb6 11.Na3 O-O 12.b3 a5 13.Rd1 a4 14.h4 Bb7 15.Bb2 Qd7 16.Kh2 Rfd8
17.cxd5 Nxd5 18.Nc4 Qc7 19.Nd6 a3 20.Bxa3 Rxa3 21.Nb5 Qa5 22.Nxa3 Qxa3 23.Rac1 h6
24.Kh1 Qa5 25.Qd2 Ra8 26.Qxa5 Rxa5 27.Rd2 g5 28.hxg5 hxg5 29.Rc4 Kf8 30.Rg4 Ke8
31.Re2 Ba6 32.Rd2 Ndb4 33.a4 Nd5 34.Kg1 Bb7 35.Bf1 Kf8 36.Nxg5 Nxe5 37.Nh7+ Ke8
38.Rg8+ Kd7 39.Bg2 c4 40.bxc4 Nxc4 41.Rd4 Rxa4 42.Rg7 Ke8 43.Rg8+ Kd7 44.Rg7 Nd6
45.Rxa4 Bc6 46.Ra7+  1-0

[Event "FIDE World Blitz 2013"]
[Site "Khanty-Mansiysk RUS"]
[Date "2013.06.09"]
[Round "12.6"]
[White "Potkin,V"]
[Black "Smirin,I"]
[Result "0-1"]
[WhiteElo "2647"]
[BlackElo "2663"]

1.e4 c5 2.Nf3 e6 3.c3 Nf6 4.e5 Nd5 5.Bc4 b6 6.Bxd5 exd5 7.O-O Be7 8.d4 Bb7
9.Bf4 O-O 10.Nbd2 Nc6 11.Re1 Rc8 12.a3 Re8 13.Nf1 Na5 14.Ng3 g6 15.Qe2 cxd4
16.Nxd4 Bf8 17.Qg4 Nc4 18.Re2 Bg7 19.Rae1 Kh8 20.h4 Ba6 21.h5 d6 22.e6 f5
23.Qh3 Kg8 24.hxg6 hxg6 25.Rd1 Ne5 26.Red2 Qf6 27.Nc2 Nc4 28.Rxd5 Nxb2 29.Re1 Nd3
30.Rxd3 Bxd3 31.Nb4 Bc4 32.Bxd6 Rxe6 33.Rxe6 Qxe6 34.Bf4 Qe1+ 35.Kh2 Qxf2
36.Qh4 Re8 37.Qg5 Kf7  0-1

[Event "FIDE World Blitz 2013"]
[Site "Khanty-Mansiysk RUS"]
[Date "2013.06.09"]
[Round "13.3"]
[White "Mamedov,Rau"]
[Black "Smirin,I"]
[Result "1-0"]
[WhiteElo "2637"]
[BlackElo "2663"]

1.e4 e5 2.Nf3 Nc6 3.Bc4 Bc5 4.c3 Nf6 5.d4 exd4 6.e5 d5 7.Be2 Ne4 8.cxd4 Bb4+
9.Nbd2 O-O 10.O-O Bg4 11.h3 Bh5 12.Nb3 f6 13.exf6 Qxf6 14.Be3 Rae8 15.Nc5 Bxc5
16.dxc5 Qxb2 17.Qxd5+ Bf7 18.Qd3 Nc3 19.Rae1 Rd8 20.Bc1 Nxe2+ 21.Qxe2 Qxe2
22.Rxe2 Bc4 23.Ree1 Bxf1 24.Rxf1 Rd3 25.Be3 Ra3 26.Rb1 Na5 27.Rd1 h6 28.Ne5 Re8
29.Ng6 Nc4 30.Bf4 c6 31.Rd7 Rxa2 32.Rxb7 a5 33.Ne7+ Kh7 34.Nf5 Rg8 35.g4 a4
36.Bxh6 Rb2 37.Ra7 Rgb8 38.Rxg7+ Kh8 39.Ne7 Ne5 40.Rg5 a3 41.Bg7+ Kh7 42.Bxe5  1-0

[Event "FIDE World Blitz 2013"]
[Site "Khanty-Mansiysk RUS"]
[Date "2013.06.09"]
[Round "14.3"]
[White "Smirin,I"]
[Black "Mamedov,Rau"]
[Result "0-1"]
[WhiteElo "2663"]
[BlackElo "2637"]

1.e4 e5 2.Nf3 d6 3.d4 exd4 4.Nxd4 Nf6 5.Nc3 g6 6.g3 Bg7 7.Bg2 O-O 8.O-O Re8
9.Re1 Nbd7 10.Nb3 a6 11.a4 Rb8 12.a5 Ne5 13.h3 Be6 14.Nd4 Bd7 15.Bg5 h6 16.Bf4 Nh5
17.Bc1 Nf6 18.b3 c5 19.Nde2 Be6 20.Nf4 Nc6 21.Bd2 Nxa5 22.Nxe6 Rxe6 23.f4 Nc6
24.g4 Re8 25.Kh1 Nh7 26.Rb1 b5 27.Nd5 Ne7 28.Ne3 Nf6 29.Qf3 Nc6 30.Nf1 Nd4
31.Qd3 Ne6 32.f5 c4 33.Qf3 Nc5 34.Ng3 Ncd7 35.g5 Ne5 36.Qf1 hxg5 37.Bxg5 cxb3
38.cxb3 Rf8 39.Rbd1 Qc7 40.Rc1 Qd7 41.Red1 Nh7 42.Be3 Qe7 43.Qf4 Rbc8 44.Bf1 Rxc1
45.Rxc1 Bf6 46.Qf2 Bg5 47.Be2 Bxe3 48.Qxe3 Qh4 49.Kg2 Ng5 50.Rh1 Rc8 51.Qd2 Nxe4
52.Qe3 Nxg3 53.Qxg3 Qe4+  0-1

[Event "FIDE World Blitz 2013"]
[Site "Khanty-Mansiysk RUS"]
[Date "2013.06.10"]
[Round "17.5"]
[White "Inarkiev,E"]
[Black "Smirin,I"]
[Result "0-1"]
[WhiteElo "2680"]
[BlackElo "2663"]

1.Nf3 Nf6 2.g3 g6 3.Bg2 Bg7 4.d4 O-O 5.c4 d6 6.O-O Nc6 7.Nc3 Bf5 8.d5 Na5
9.Nd2 c5 10.e4 Bd7 11.Rb1 e5 12.a3 b6 13.b4 Nb7 14.Nb3 Ng4 15.f3 Nf6 16.bxc5 dxc5
17.Qd3 Nd6 18.a4 Nh5 19.Nb5 Bxb5 20.axb5 f5 21.Bb2 Qg5 22.Rbe1 Rae8 23.f4 fxe4
24.Rxe4 exf4 25.Bxg7 Kxg7 26.Re6 Nf5 27.Qc3+ Kh6 28.Nd2 fxg3 29.Ne4 gxh2+
30.Kxh2 Qh4+ 31.Bh3 Rxe6 32.dxe6 Qxe4 33.Bxf5 Rxf5 34.Qd2+ Rg5  0-1

[Event "FIDE World Blitz 2013"]
[Site "Khanty-Mansiysk RUS"]
[Date "2013.06.10"]
[Round "19.4"]
[White "Rublevsky,S"]
[Black "Smirin,I"]
[Result "1-0"]
[WhiteElo "2695"]
[BlackElo "2663"]

1.e4 c5 2.Nf3 e6 3.c3 Nf6 4.e5 Nd5 5.Bc4 b6 6.Bxd5 exd5 7.d4 Ba6 8.dxc5 Bxc5
9.b4 Be7 10.Qxd5 Qc7 11.Qxa8 Bb7 12.Qxa7 Nc6 13.Qa3 Nxe5 14.Nxe5 Qxe5+ 15.Be3 Bxg2
16.Rg1 Qxh2 17.Rxg2 Qxg2 18.Nd2 h5 19.O-O-O h4 20.Qa7 O-O 21.Qxd7 Bf6 22.Qf5 Bxc3
23.Ne4 Bxb4 24.Rd4 Ba3+ 25.Kd2 h3 26.Nf6+  1-0

[Event "FIDE World Blitz 2013"]
[Site "Khanty-Mansiysk RUS"]
[Date "2013.06.10"]
[Round "23.1"]
[White "Smirin,I"]
[Black "Le Quang Liem"]
[Result "1-0"]
[WhiteElo "2663"]
[BlackElo "2712"]

1.e4 c5 2.Nf3 d6 3.d4 cxd4 4.Nxd4 Nf6 5.Nc3 a6 6.f4 e6 7.Qf3 Qb6 8.Nb3 Qc7
9.g4 b5 10.g5 Nfd7 11.a3 Bb7 12.Bg2 g6 13.h4 h5 14.gxh6 Bxh6 15.Bd2 Nf6 16.O-O-O Nbd7
17.Rhe1 Rc8 18.Qf2 Nc5 19.Nxc5 Qxc5 20.Be3 Qc7 21.Bf3 Kf8 22.Kb1 Bg7 23.Bd4 e5
24.Bb6 Qe7 25.fxe5 dxe5 26.Ba5 Kg8 27.Bb4 Qe8 28.Rg1 Rd8 29.Qb6 Rxd1+ 30.Rxd1 Qc6
31.Qd8+ Kh7 32.Qe7 Qc8 33.Qxf7 Bc6 34.h5 gxh5 35.Bxh5 Nxh5 36.Qxh5+ Kg8 37.Qg5 Qe6
38.Rd8+ Kf7 39.Rd1 Bf6 40.Qe3 Rh3 41.Qa7+ Kg6 42.Qxa6 Qc4 43.Qc8 Rg3 44.b3  1-0

[Event "FIDE World Blitz 2013"]
[Site "Khanty-Mansiysk RUS"]
[Date "2013.06.10"]
[Round "24.1"]
[White "Le Quang Liem"]
[Black "Smirin,I"]
[Result "1/2-1/2"]
[WhiteElo "2712"]
[BlackElo "2663"]

1.d4 Nf6 2.c4 g6 3.g3 Bg7 4.Bg2 O-O 5.Nc3 d6 6.e3 c5 7.Nge2 Nc6 8.O-O Bd7
9.b3 Qc8 10.Bb2 Bh3 11.Rc1 Bxg2 12.Kxg2 h5 13.Nd5 Nxd5 14.cxd5 Nb4 15.Qd2 Nxd5
16.e4 Nf6 17.f3 b6 18.b4 h4 19.dxc5 dxc5  1/2-1/2

[Event "FIDE World Blitz 2013"]
[Site "Khanty-Mansiysk RUS"]
[Date "2013.06.10"]
[Round "25.2"]
[White "Nepomniachtchi,I"]
[Black "Smirin,I"]
[Result "1-0"]
[WhiteElo "2717"]
[BlackElo "2663"]

1.e4 c5 2.Nf3 e6 3.d4 cxd4 4.Nxd4 a6 5.c4 Nf6 6.Nc3 Qc7 7.a3 b6 8.Nf3 d6
9.Bd3 Bb7 10.O-O Nbd7 11.Re1 Be7 12.Bg5 h6 13.Bh4 g5 14.Bg3 Nh5 15.Rc1 Nxg3
16.hxg3 Kf8 17.b4 Kg7 18.Bf1 Rad8 19.Qd2 g4 20.Nh2 Ne5 21.f4 gxf3 22.gxf3 Bf6
23.Qe2 h5 24.f4 Ng6 25.Qf2 h4 26.g4 Bxc3 27.Rxc3 e5 28.f5 Nf4 29.Rf3 Qe7
30.Rxf4 exf4 31.Nf3 Qf6 32.Qxb6 Ba8 33.g5 Qc3 34.Qf2 Qxa3 35.Qd4+ Kg8 36.Bd3 Qxb4
37.Qf6 Qc5+ 38.Kh1 Rd7 39.g6 fxg6 40.Qe6+ Kf8 41.Qxd7 h3 42.Qd8+ Kg7  1-0

[Event "FIDE World Blitz 2013"]
[Site "Khanty-Mansiysk RUS"]
[Date "2013.06.10"]
[Round "26.2"]
[White "Smirin,I"]
[Black "Nepomniachtchi,I"]
[Result "1-0"]
[WhiteElo "2663"]
[BlackElo "2717"]

1.e4 c5 2.Nf3 d6 3.d4 cxd4 4.Nxd4 Nf6 5.Nc3 a6 6.f4 e5 7.Nf3 Qc7 8.Bd3 Nbd7
9.O-O Be7 10.Kh1 O-O 11.fxe5 Nxe5 12.Nd4 Be6 13.Nf5 Bxf5 14.Rxf5 Qd7 15.Bg5 Nfg4
16.Qd2 Bxg5 17.Qxg5 Qd8 18.Qd2 Qh4 19.h3 Nf6 20.Raf1 Ng6 21.Rxf6 gxf6 22.Nd5 Kh8
23.Nxf6 Rac8 24.Qb4 Nf4 25.Qxd6 Nxh3 26.Qh2 Nf2+ 27.Rxf2 Qxh2+ 28.Kxh2 Rfd8
29.e5 Rc5 30.Rf5 Kg7 31.Rg5+ Kf8 32.Nxh7+ Ke7 33.Nf6 b5 34.a3 Rd4 35.Kg3 a5
36.Ng4 b4 37.axb4 Rxb4 38.b3 a4 39.bxa4 Rxa4 40.Ne3 Raa5 41.Kf4 Ra4+ 42.c4 Ra1
43.Nd5+ Kf8 44.Ke4 Rca5 45.Kd4 Rd1 46.Rg3 Ra3 47.Rf3 Kg7 48.Nf4 Ra7 49.e6 Kg8
50.exf7+ Rxf7 51.Rg3+ Kf8 52.Nd5 Ra7 53.Rf3+ Kg7 54.g4 Rg1 55.Ne3 Rd7+ 56.Kc3 Rc1+
57.Kd2 Ra1 58.g5 Ra2+ 59.Nc2 Ra5 60.g6 Rg5 61.Kc3 Rg1 62.Ne3 Rc1+ 63.Kd2 Rg1
64.Nd5 Rg5 65.Kc3 Ra7 66.Nf4 Re5 67.Rh3 Kf6 68.Rh7 Ra1 69.Rf7+  1-0

[Event "FIDE World Blitz 2013"]
[Site "Khanty-Mansiysk RUS"]
[Date "2013.06.10"]
[Round "27.3"]
[White "Smirin,I"]
[Black "Grischuk,A"]
[Result "0-1"]
[WhiteElo "2663"]
[BlackElo "2779"]

1.e4 c5 2.Nf3 Nc6 3.Bb5 e6 4.O-O Nge7 5.Re1 Nd4 6.Nxd4 cxd4 7.c3 a6 8.Bf1 Nc6
9.d3 Bc5 10.Nd2 O-O 11.Nf3 d6 12.cxd4 Nxd4 13.Be3 Nxf3+ 14.Qxf3 e5 15.Bxc5 dxc5
16.Qe3 Qd6 17.Rec1 b6 18.a3 a5 19.Rab1 a4 20.Rc3 Be6 21.Be2 Rfd8 22.Rbc1 h6
23.h3 Qe7 24.Qg3 Qf6 25.Qe3 Rd4 26.Bd1 Rad8 27.Be2 Kh7 28.Rf1 Qg5 29.Rfc1 g6
30.Bf1 Kg7 31.Be2 R8d6 32.Bf1 Qf6 33.Be2 h5 34.Bf1 h4 35.Be2 Qf4 36.R1c2 Bd7
37.Rc4 Qxe3 38.fxe3 Rxc4 39.Rxc4 Bb5 40.Rc3 f5 41.exf5 gxf5 42.Kf2 e4 43.d4 cxd4
44.exd4 Bxe2 45.Kxe2 Rxd4 46.Ke3 Rd6 47.Rc4 Kf6 48.Rxa4 Rd3+ 49.Kf4 Rd2 50.Rb4 Rf2+
51.Ke3 Rxg2 52.Rxb6+ Kg5 53.a4 Rg3+ 54.Kd4 Rd3+ 55.Ke5 e3 56.Rb8 e2 57.Rg8+ Kh6  0-1

[Event "FIDE World Blitz 2013"]
[Site "Khanty-Mansiysk RUS"]
[Date "2013.06.10"]
[Round "28.3"]
[White "Grischuk,A"]
[Black "Smirin,I"]
[Result "1-0"]
[WhiteElo "2779"]
[BlackElo "2663"]

1.e4 c5 2.Nf3 e6 3.d4 cxd4 4.Nxd4 a6 5.Bd3 Bc5 6.Nb3 Be7 7.Qg4 g6 8.Qe2 d6
9.O-O Nd7 10.Nc3 Qc7 11.Be3 h5 12.Rad1 h4 13.h3 Ngf6 14.Bg5 b5 15.a4 b4 16.Na2 Rh5
17.Bd2 a5 18.c3 Nc5 19.Nxc5 dxc5 20.cxb4 axb4 21.Bb5+ Kf8 22.Nc1 Bb7 23.f3 Rh8
24.Be3 Bc6 25.Qc4 Bxb5 26.axb5 Nd7 27.Nd3 Rc8 28.Bf4 Qb7 29.Ne5 Nxe5 30.Bxe5 Rh5
31.f4 Ra8 32.Rd3 Ra5 33.Rfd1 Qxb5 34.Qc2 c4 35.Rd7 Rxe5 36.fxe5 Qxe5 37.Qxc4 Qg5
38.Rf1 Kg7 39.Kh1 Ra8 40.Qc7 Re8 41.e5 Kg8 42.b3 Kf8 43.Rd3 Kg8 44.Rdf3 Rf8
45.Rf4 Bd8 46.Qd7 Be7 47.Rg4 Qxe5 48.Qxe7 Qe2 49.Rgf4  1-0

[Event "2nd Washington Int"]
[Site "Rockville USA"]
[Date "2013.08.06"]
[Round "1.1"]
[White "Kaufman,La"]
[Black "Smirin,I"]
[Result "0-1"]
[WhiteElo "2332"]
[BlackElo "2663"]

1.d4 Nf6 2.c4 g6 3.f3 Bg7 4.e4 d6 5.Nc3 O-O 6.Nge2 a6 7.Be3 Nc6 8.Qd2 Bd7
9.Nc1 Nh5 10.Nb3 a5 11.Rd1 a4 12.Nc1 e5 13.d5 Nd4 14.N1e2 Nxe2 15.Bxe2 Nf4
16.O-O a3 17.b4 f5 18.Kh1 Nxe2 19.Qxe2 f4 20.Bg1 g5 21.c5 Rf6 22.c6 Bc8 23.cxb7 Bxb7
24.Rc1 Rg6 25.Rc2 h5 26.Rfc1 g4 27.Nb1 gxf3 28.Qxf3 Bc8 29.Qxh5 Qf6 30.h3 Bg4
31.hxg4 Rh6 32.Nd2 Rb8 33.Rxc7 Rxh5+ 34.gxh5 Qh4+ 35.Bh2 Rxb4 36.Nf3 Qxh5
37.Ra7 Qg4 38.Ra8+ Kh7 39.Rxa3 Rxe4 40.Rc2 Rb4 41.Ra7 Rb1+ 42.Ng1 Rxg1+  0-1

[Event "2nd Washington Int"]
[Site "Rockville USA"]
[Date "2013.08.06"]
[Round "2.1"]
[White "Smirin,I"]
[Black "Harmon,L"]
[Result "1-0"]
[WhiteElo "2663"]
[BlackElo "2399"]

1.e4 e6 2.d4 d5 3.Nc3 Bb4 4.e5 c5 5.a3 Bxc3+ 6.bxc3 Ne7 7.h4 Nbc6 8.h5 Qa5
9.Bd2 Bd7 10.h6 gxh6 11.Nf3 O-O-O 12.Rxh6 Ng8 13.Rh5 f6 14.Bd3 fxe5 15.Nxe5 Nxe5
16.Rxe5 Nf6 17.Kf1 Qa4 18.Rb1 Rhg8 19.Qc1 Rdf8 20.f3 h5 21.Bh6 Rf7 22.Rg5 h4
23.Qf4 Be8 24.Qe5 Qc6 25.Rxg8 Nxg8 26.Bf4 Rxf4 27.Qxf4 c4 28.Bh7 Ne7 29.Qxh4  1-0

[Event "2nd Washington Int"]
[Site "Rockville USA"]
[Date "2013.08.07"]
[Round "3.1"]
[White "Sundararajan,K"]
[Black "Smirin,I"]
[Result "1/2-1/2"]
[WhiteElo "2458"]
[BlackElo "2663"]

1.d4 Nf6 2.c4 g6 3.Nc3 Bg7 4.e4 d6 5.h3 O-O 6.Be3 e5 7.d5 Na6 8.Nf3 Nd7 9.a3 f5
10.b4 Nf6 11.c5 dxc5 12.Bxa6 cxb4 13.axb4 bxa6 14.O-O Re8 15.Qb3 h6 16.Qc4 Kh7
17.Rfd1 Qd7 18.Ra5 Bf8 19.Bc5 Bd6 20.Rda1 Rb8 21.Rxa6 Bxa6 22.Rxa6 Rb7 23.Nd2 Reb8
24.b5 Rxb5 25.Nxb5 Rxb5 26.Bxd6 cxd6 27.Qc6 Rb7 28.exf5 gxf5 29.Qxd6 Qxd6
30.Rxd6 Rb6 31.Rd8 e4  1/2-1/2